Soliloquios del alma con Dios, en los quales, según el orden de los versos del miserere, se expresan los afectos mismos de David...

Detalles Bibliográficos
Autor principal: DIATALLAVI, Alejandro
Formato: Libro
Publicado: Madrid 1777
Materias:
Colección:Banco de datos
Acervo:Biblioteca Nacional de Antropología e Historia. Fondo Conventual
Tema general:Ascética
Notas:Buena. XX, 3, 24.
LEADER 00762nam a22001930004500
035 |a 13492 
036 |a 1038 
100 1 |a DIATALLAVI, Alejandro 
245 1 0 |a Soliloquios del alma con Dios, en los quales, según el orden de los versos del miserere, se expresan los afectos mismos de David...  |c tr. José de Elexaga 
260 |a Madrid  |b imp. Blas Román  |c 1777 
500 |a Buena. XX, 3, 24. 
650 1 0 |a Ascética 
949 |a B.N.A.H. 
959 |a Biblioteca Nacional de Antropología e Historia. Ciudad de México  |b CCC1 
960 |a Colección General de B.N.A.H. de la ciudad de México  |b DD58 
961 |a Varias Ordenes Religiosas  |b VO 
942 |c B.N.A.H. 
943 |g Biblioteca Nacional de Antropología e Historia. Fondo Conventual 
999 |c 1038024  |d 1038024